| 000 | 00546cam a2200217ua 4500 | ||
|---|---|---|---|
| 020 | _c13.00 | ||
| 041 |
_amal _h |
||
| 082 |
_a510.1 _bHAR/PO |
||
| 100 | _aHariharakrishnan, A. | ||
| 245 |
_aPolytechnic ganitham / _cA.Harihara Krishnan. _hTextual Documents |
||
| 260 |
_aThiruvananthapuram : _bState Instititute of Languages , _c1970. |
||
| 300 | _a ; . | ||
| 365 | _a13.00 | ||
| 504 | _a | ||
| 942 | _cBK | ||
| 999 |
_c6234 _d6234 |
||